Lana Del Rey explicit songs - Statistics

General Stats
  • This quiz has been taken 28 times
  • The average score is 23 of 37
Answer Stats
Lyrics Song % Correct
My pussy tastes like Pepsi Cola
91%
You fucked me so good that I almost said, "I love you" Norman Fucking Rockwell
91%
I'm tired of feeling like I'm fucking crazy Ride
91%
It's me your little Venice bitch Venice bitch
91%
I fucked my way up to the top Fucked My Way Up To The Top
83%
I love her so bad, but she treats me like shit Doin' time
78%
I was an angel looking to get fucked hard Gods & Monsters
78%
This is the experience of bein' an American whore A&W
74%
Love you more than those bitches before Blue jeans
74%
They don't mean shit compared to all your drugs Pretty When You Cry
74%
Like a fucking dream I'm living in Radio
74%
'Cause I don't have to fuckin' explain it Brooklyn Baby
70%
And all of my peaches (are ruined, bitch) Cherry
70%
He's no fucking spirit healer Dealer
65%
Fuck me to death, love me until I love myself did you know that there's a tunnel under ocean blvd
65%
And shit's even brighter; you're gone Fuck it i love you
65%
God dang, got a nigga actin' irate (hmm, hmm) Groupie Love
65%
You could be a bad motherfucker High by the beach
65%
I'm a fucking mess but I Love song
65%
I fucked up, I know that, but Jesus Mariners Apartment Complex
65%
You're fucking crazy Cruel World
61%
I'm like, "Fuck it, gonna give a show", I open up the blinds Peppers
61%
Oh, writin' in blood on my walls and shit Heroin
57%
Uh, her sophistication makes you wanna quit the bitch you datin' Summer Bummer
57%
You act like fucking Mr. Brightside when you're with all your friends Thunder
57%
Imagine if we actually gave a fuck Taco truck x VB
52%
I want shit to feel just like it used to The greatest
52%
I'm tired of this shit Black Bathing Suit
48%
I've been tearing around in my fucking nightgown hope is a dangerous thing for a woman like me to have but i have it
48%
Who's doper than this bitch In My Feelings
48%
I get wild and fucking crazy, like you never knew, knew, knew Nectar Of The Gods
48%
Killin' it, talkin' shit Dance till we die
43%
Nothing came for me either one but pain But fuck it Dark but just a game
43%
What the fuck's wrong in your head to send me away Fingertips
43%
If you want some basic bitch, go to the Beverly Center and find her Sweet
43%
Choreo, we just want the fucking truth When The World Was At War We Kept Dancing
43%
Fuck you, Kevin Sweet Carolina
35%
No matching quizzes found
Score Distribution
Percent of People with Each Score
Percentile by Number Answered
Your Score History
You have not taken this quiz